Gaming Quiz

Random Gaming or Board Games Quiz
Score 0/6 Timer 03:00
0 Plays Today
Year Game % Correct
1998The Legend of Zelda:Ocarina of Time
82.4%
2008Grand Theft Auto IV
60%
2008Metal Gear Solid 4: Guns of the Patriots
47.9%
1999Soul Calibur
35.6%
2000Chrono Cross
25.5%
2001Tony Hawk's Pro Skater 3
24.7%
Remove Ads.
Support Sporcle.
Get the best of Sporcle when you Go Orange. This ad-free experience offers more features, more stats, and more fun while also helping to support Sporcle. Thank you for becoming a member.

You're not logged in!

Compare scores with friends on all Sporcle quizzes.
OR
Log In

Show Comments

Extras

Top Quizzes Today


Score Distribution

Your Account Isn't Verified!

In order to create a playlist on Sporcle, you need to verify the email address you used during registration. Go to your Sporcle Settings to finish the process.

Report this User

Report this user for behavior that violates our Community Guidelines.

Details: